Komplikovaný prechod k multipolarite
Aktuálna diskusia o meniacej sa mocenskej štruktúre sveta. Globálne systémové usporiadanie podlieha neustálej zmene a niektorí teoretici ohlasujú prechod k multipolarite už v súčasnosti. Dnešný systém je síce charakterizovaný unipolaritou, postupne v nej dochádza k poklesu moci súčasnej superveľmoci...
Enregistré dans:
| Auteur principal: | |
|---|---|
| Format: | Chapitre de livre |
| Langue: | slovaque |
| Sujets: | |
| Tags: |
Pas de tags, Soyez le premier à ajouter un tag!
|
MARC
| LEADER | 00000nla a2200000 4500 | ||
|---|---|---|---|
| 001 | 0166073 | ||
| 005 | 20240502072907.4 | ||
| 041 | 0 | |a slo | |
| 044 | |a SK | ||
| 245 | 1 | 0 | |a Komplikovaný prechod k multipolarite |c Laura Meričková |
| 520 | |a Aktuálna diskusia o meniacej sa mocenskej štruktúre sveta. Globálne systémové usporiadanie podlieha neustálej zmene a niektorí teoretici ohlasujú prechod k multipolarite už v súčasnosti. Dnešný systém je síce charakterizovaný unipolaritou, postupne v nej dochádza k poklesu moci súčasnej superveľmoci a vzápätí vzostup nových veľmocí. Avšak multipolarita je v porovnaní s unipolaritou a bipolaritou charakterizovaná ako najnestabilnejší model medzinárodných vzťahov. Z hľadiska stability môže byť multipolarita v 21. storočí iným prípadom v porovnaní s dejinami, pretože stabilita systému závisí viac od vzťahov medzi aktérmi ako od ich počtu. | ||
| 610 | 2 | 0 | |a politika medzinárodná |
| 610 | 2 | 0 | |a vzťahy medzinárodné |
| 610 | 2 | 0 | |a vzťahy interkultúrne |
| 610 | 2 | 0 | |a stabilita politická |
| 610 | 2 | 0 | |a moc politická |
| 610 | 2 | 0 | |a hospodárstvo svetové |
| 100 | 1 | |a Meričková, Laura | |